00710 2200181 4500001002100000005001500021035002000036245006100056100001500117250001700132300002800149260003900177082001000216084001600226020002200242650001700264520024700281INLIS00000000000032420240602082428 a0010-06240000331 aHuman Body Encyclopedia :bTulang dan Otot /cTri Rahayu0 aTri Rahayu acetakan ke-1 a56 hlm :bilus ;c21 cm aBekasi :bUranus Publishing,c2011 a612.7 a612.7 TRI h a978-602-863-735-0 4aEnsiklopedia aeri Human Body Encyclopedia merupakan seri pengeta- huan yang membahas tentang fakta-fakta menakjubkan pada tubuh kita. Berisi tentang penjelasan bagian-bagian dan organ tubuhmu. Betapa tubuh kita merupakan sebuah keajaiban yang sangat besar.